| 000 | 01524cam a22004094i 4500 | ||
|---|---|---|---|
| 003 | PE-LiUPU | ||
| 005 | 20250731173215.0 | ||
| 008 | 150625s1984 sp r 000 0 spa d | ||
| 035 | _a(Sirsi) a32827 | ||
| 040 |
_aPE-LiUPU _bspa _cPE-LiUPU _erda |
||
| 049 | _aPRUA | ||
| 082 | 0 | 4 |
_a220.933 _bM26 _221 |
| 100 | 1 |
_aMartínez, Teodoro, _eautor. |
|
| 245 | 1 | 0 |
_aPalestina Ayer y Hoy / _cTeodoro Martínez. |
| 264 | 1 |
_aBilbao : _bMile-Print, S.A., _c1984. |
|
| 300 |
_a235 páginas ; _c18 centímetros |
||
| 336 |
_atext _2rdacontent |
||
| 337 |
_aunmediated _2rdamedia |
||
| 338 |
_avolume _2rdacarrier |
||
| 505 | 0 | _aMarco geografico -- Cuadro cronologico -- Siguiendo las huellas de Cristo y de los patriarcas -- En Galilea -- Samaria-Siquem -- Jerusalen -- Extramuros de Jerusalen -- Ein Karin, patria del Bautista -- Hacia el sur -- Zona costera. | |
| 526 | _aSEG42 | ||
| 526 | _aSEG41 | ||
| 526 | _aSEG40 | ||
| 526 | _aSEG39 | ||
| 526 | _aP94 | ||
| 526 | _aP87 | ||
| 526 | _aP86 | ||
| 526 | _aP85 | ||
| 526 | _aP77 | ||
| 526 | _aP76 | ||
| 526 | _aP35 | ||
| 942 |
_2ddc _cBOOK |
||
| 949 |
_a220.933 M26 _wDEWEY _c1 _i36511 _lCCODEBUL1 _mBUL _p00.00 _r0 _sY _tBOOK _u2015-06-25 _xBIBLIOTECA _zUNKNOWN _0COMPRA _o.STAFF. Colección General |
||
| 596 | _a1 | ||
| 999 |
_a220.933 M26 _wDEWEY _c40522 _i36511 _d40522 _e2016-11-20 _f2021-11-9 _g5 _lCCODEBUL1 _mBUL _n1 _p22.82 _q2 _r0 _sY _tBOOK _u2015-6-25 _xTEOLOGIA _PP35 _0COMPRA _o.STAFF. Colección Teología |
||
| 980 |
_81 _gALBERTO SANCHEZ Responsable de Automatización |
||